00546nam a2200193Ia 450000500170000000800410001702000150005808200150007310000200008824500400010825000090014826000370015730000170019465000100021165000130022194200060023495200970024099900150033720240403090058.0240331s9999 xx 000 0 und d a0862329744 bVICa330.9 aVickers, Jeanne 0aWomen and the world economic crisis a1 St aLondon :bZed Books Ltd /c1991. axi. 146 p ., aWomen aEconomic cL 001040708LaWERCLbWERCLcSSCd2024-03-31l0o 330.9 VICp1683r2024-03-31w2024-03-31yL c2577d2577